书目信息 |
| 题名: |
现代控制理论概论
|
|
| 作者: | 常春馨 编 | |
| 分册: | ||
| 出版信息: | 北京 机械工业出版社 1982.1 |
|
| 页数: | 333 | |
| 开本: | 32 | |
| 丛书名: | ||
| 单 册: | ||
| 中图分类: | TP13 , TP273 | |
| 科图分类: | ||
| 主题词: | 自动化系统 | |
| 电子资源: | ||
| ISBN: | ||
| 000 | 00550nam0 2200205 45 | |
| 001 | 0181022037 | |
| 005 | 20060703175330.35 | |
| 010 | @dCNY2.20 | |
| 100 | @a20810111d km y0chiy0120 ea | |
| 101 | 0 | @achi |
| 105 | @a z 000yy | |
| 200 | 1 | @Axian dai kong zhi li lun gai lun@Fchang chun xin@a现代控制理论概论@f常春馨编 |
| 210 | @a北京@c机械工业出版社@d1982.1 | |
| 215 | @a333@c无图表@d32 | |
| 606 | 0 | @a自动化系统 |
| 690 | @aTP13 | |
| 690 | @aTP273@v3 | |
| 701 | 0 | @a常春馨@4编 |
| 801 | @aCN@bTSTC@c20060703 | |
| 905 | @dTP273@e10@f2@b61219-20 | |
| 现代控制理论概论/常春馨编.-北京:机械工业出版社,1982.1 |
| 333:无图表;32 |
| ISBN :CNY2.20 |
| ● |
| 相关链接 |
|
|
|
|
正题名:现代控制理论概论
索取号:TP273/10
 
预约/预借
| 序号 | 登录号 | 条形码 | 馆藏地/架位号 | 状态 | 备注 |
| 1 | 0061220 | 000701645 | 密集书库/ [索取号:TP273/10] | 在馆 |